プロ野球スピリッツA(プロスピA) スタミナAの選手名(2024) - Statistics

General Stats
  • This quiz has been taken 95 times
  • The average score is 14 of 16
Answer Stats
球団名 スタミナ値 選手名 % Correct
巨人 A(80) 菅野智之
97%
巨人 A(80) 戸郷翔征
95%
西武 A(80) 髙橋光成
95%
西武 A(81) 今井達也
95%
広島 A(80) 床田寛樹
92%
広島 A(81) 大瀬良大地
91%
楽天 A(82) 則本昂大
91%
ヤクルト A(80) 小川泰弘
89%
広島 A(82) 森下暢仁
88%
中日 A(82) 柳裕也
88%
中日 A(80) 大野雄大
85%
ソフトバンク A(80) 有原航平
85%
広島 A(81) 九里亜蓮
83%
阪神 A(80) 西勇輝
80%
阪神 A(80) 伊藤将司
71%
楽天 A(82) 田中将大
71%
No matching quizzes found
Score Distribution
Percent of People with Each Score
Percentile by Number Answered
Your Score History
You have not taken this quiz